000 00657nam a22002177a 4500
003 UA-OsUOA
001 98189
007 ta
008 20130410b un ||||| |||| 00| 0 ukr d
090 _a821.162.3
_bР18
942 _cBK
040 _aUA-OsUOA
_brus
_cUA-OsUOA
_dUA-OsUOA
245 _aРассказы чешских писателей
_cсост. Т. Карская
300 _a398 с.
955 _a3
041 _arus
080 _a821.162.3
260 _aЛенинград
_bКнижно-журнальное издательство
_c1953
650 7 _a82 Література. Літературознавство
_2UDC
999 _c384574
_d384574